| 000 | 00789nam a2200205 i 4500 | ||
|---|---|---|---|
| 001 | 175711 | ||
| 003 | ES-MaACL | ||
| 005 | 20250816085425.0 | ||
| 008 | 101118s1983 sp |||| | spa d | ||
| 080 | _a73.036(083.824) | ||
| 245 | 0 | 0 |
_aSculpture, drama, landscape, pots for Aragon _b: 13 agosto al 17 septiembre 1983, Sabiñánigo, El Puente, Huesca, España, Leonardo, Galería de Arte, Zaragoza, 13 septiembre al 11 octubre 1983. |
| 260 |
_aZaragoza : _bLeonardo, Galería de Arte, _c1983. |
||
| 300 |
_a40 p. : _bil. ; _c25 cm. |
||
| 546 | _aTextos en castellano e inglés. | ||
| 650 | 0 |
_aEscultura- _yS.XX- _vExposiciones _9185010 |
|
| 655 | 7 |
_2tgfbne _9193628 _aCatálogos de exposiciones |
|
| 852 |
_aES-MaACL _j2303-F-31 |
||
| 942 | _2udc | ||
| 999 |
_c175711 _d175711 |
||